MyGZULibrary

Mahlayana! mahlayana! / (Record no. 6090)

MARC details
000 -LEADER
fixed length control field 00679nam a2200241 a 4500
001 - CONTROL NUMBER
control field 1867416
003 - CONTROL NUMBER IDENTIFIER
control field GZU
005 - DATE AND TIME OF LATEST TRANSACTION
control field 20210415121948.0
008 - FIXED-LENGTH DATA ELEMENTS--GENERAL INFORMATION
fixed length control field 830124s1981 sa 000 1 zul
010 ## - LIBRARY OF CONGRESS CONTROL NUMBER
LC control number 82158679
020 ## - INTERNATIONAL STANDARD BOOK NUMBER
International Standard Book Number 0869855557 :
Terms of availability R8.75
040 ## - CATALOGING SOURCE
Original cataloging agency DLC
Transcribing agency DLC
Modifying agency DLC
050 00 - LIBRARY OF CONGRESS CALL NUMBER
Classification number PL8844.X8
Item number M3 1981
100 1# - MAIN ENTRY--PERSONAL NAME
Personal name Xulu, Muntu.
245 10 - TITLE STATEMENT
Title Mahlayana! mahlayana! /
Statement of responsibility, etc. Muntu Xulu.
250 ## - EDITION STATEMENT
Edition statement 1st ed.
260 ## - PUBLICATION, DISTRIBUTION, ETC.
Place of publication, distribution, etc. [Pietermaritzburg] :
Name of publisher, distributor, etc. Shuter & Shooter,
Date of publication, distribution, etc. 1981.
300 ## - PHYSICAL DESCRIPTION
Extent 197 p. ;
Dimensions 22 cm.
490 0# - SERIES STATEMENT
Series statement Indlovu--ubudlelwane ngezincwadi
500 ## - GENERAL NOTE
General note In Zulu.
906 ## - LOCAL DATA ELEMENT F, LDF (RLIN)
a 7
b cbc
c orignew
d 3
e ncip
f 19
g y-gencatlg
942 ## - ADDED ENTRY ELEMENTS (KOHA)
Source of classification or shelving scheme Library of Congress Classification
Koha item type Books
Classification part 8844
Item part XUL
Call number prefix PL
Call number suffix 1981
Holdings
Withdrawn status Lost status Damaged status Not for loan Collection code Home library Current library Shelving location Date acquired Total Checkouts Full call number Barcode Date last seen Copy number Price effective from Koha item type
        Fiction City Campus Library City Campus Library General Stacks 04/15/2021   PL8844 XUL 1981 G22117 04/15/2021 c.1 04/15/2021 Books